000 00579nam a2200193Ia 4500
005 20250508162258.0
008 008 250505s9999 xx 000 0 eng d
037 _aDissertations
040 _aFEDL
_beng
_cFEDL
041 _aeng
_2eng
084 _a420.7, GUH/DI
_qFEDL
100 _aGuha Devasmita
_9772731
245 0 _aStudy of creative expression in written english in some schools of Delhi
260 _c1983
300 _a91p.
546 _aM.Ed. Dissertation 1981-83 (Delhi University)
942 _cDIS
_h420.7, GUH/DI
999 _c1375553
_d1375553